Historical anthology of music. / [Volume I], Oriental, Medieval and Renaissance music

محفوظ في:

المؤلف الرئيسي: Archibald Thompson Davison

مؤلفون آخرون: Willi Apel

التنسيق: كتاب

اللغة: Undetermined

منشور في: Cambridge : Harvard University Press.

الموضوعات:

الوسوم: إضافة وسم

لا توجد وسوم, كن أول من يضع وسما على هذه التسجيلة!

رقم الطلب: (F)M2.D25 H6

LEADER 00809nam a2200169Ia 4500
008 220904s9999||||xx |||||||||||||| ||und||
050 |a (F)M2.D25 H6 
100 1 |a  Archibald Thompson Davison 
245 1 0 |a Historical anthology of music. / [Volume I], Oriental, Medieval and Renaissance music  |c Archibald Thompson Davison, Willi Apel 
264 1 |b Cambridge : Harvard University Press. 
300 |a 258 p.   |c 32 cm 
504 |a Recopilación de partituras de compositores representativos de los periodos correspondientes, junto con comentarios y traducciones de las mismas. 
650 4 |a Música -- Historia y critica -- Partituras. 
700 1 |a Willi Apel 
942 |2 lcc  |c BK 
952 |0 0  |1 0  |2 lcc  |4 0  |7 1  |9 42739  |a ARCE  |b ARCE  |d 2022-09-04  |l 0  |o (F)M2.D25 H6  |p 1031642  |r 2022-09-04 00:00:00  |w 2022-09-04  |y BK 
999 |c 49412  |d 49412